00822nam a2200169 a 450000100060000000300090000600800410001502000160005604000280007208200170010010000410011724500500015826000510020830000090025950503450026865000390061320442CO-ViMGA141112s2004 ck r 000 u spa d a84709039647 aCO-ViMGAbspacCO-ViMGA04a616.12 O737r1 aOtero Coto, J.J.; Bebla Nacher, F.J.10aRiesgo y complicaciones en cirugía cardiaca aBuenos Aires : bMedica panAméricana, c2004 a370p aRiesgos típicos de los diferentes tipos de cirugía cardiaca 41 - - Riesgos comparativos en indicaciones alternativas 99 - - La prevención y manejo perioperatorio del riesgo 139 - - El riesgo materializado 205 - - Consideraciones legales en torno al riesgo quirúrgico 337 - - El riesgo en investigación y productos sanitarios 375 14aCORAZON - CIRUGIA - COMPLICACIONES